Southville International School and Colleges
Your cart is empty.
  • Cart
  • Lists
    Public lists Eva Luna New books Lux_list list_1
    Your lists Log in to create your own lists
  • Log in to your account
  • Your cookies
  • Search history
Southville International School and Colleges
  • Advanced search
  • Recent comments
  • Most popular
  • Libraries

Log in to your account

Log in with GOOGLE


If you do not have an external account, but do have a local account, you can still log in:

  1. Home
  2. MARC view: The Little Duck /
Normal view MARC view ISBD view

The Little Duck / (Record no. 306053)

[ view plain ]
MARC details
000 -LEADER
fixed length control field 00541nam a2200229Ia 4500
008 - FIXED-LENGTH DATA ELEMENTS--GENERAL INFORMATION
fixed length control field 170203s9999 xx 000 0 und d
020 ## - INTERNATIONAL STANDARD BOOK NUMBER
International Standard Book Number 0-394832477
050 ## - LIBRARY OF CONGRESS CALL NUMBER
Classification number Fic
050 ## - LIBRARY OF CONGRESS CALL NUMBER
Item number .D923d 1976
100 ## - MAIN ENTRY--PERSONAL NAME
Personal name Dunn, Judy
245 #4 - TITLE STATEMENT
Title The Little Duck /
245 ## - TITLE STATEMENT
Statement of responsibility, etc Judy Dunn
260 ## - PUBLICATION, DISTRIBUTION, ETC. (IMPRINT)
Place of publication, distribution, etc New York :
260 ## - PUBLICATION, DISTRIBUTION, ETC. (IMPRINT)
Name of publisher, distributor, etc Random House, Inc.,
260 ## - PUBLICATION, DISTRIBUTION, ETC. (IMPRINT)
Date of publication, distribution, etc 1976
300 ## - PHYSICAL DESCRIPTION
Extent 32 pages :
300 ## - PHYSICAL DESCRIPTION
Other physical details col. Ill. ;
300 ## - PHYSICAL DESCRIPTION
Dimensions 21 cm.
440 ## - SERIES STATEMENT/ADDED ENTRY--TITLE
Title A Random House pictureback
650 ## - SUBJECT ADDED ENTRY--TOPICAL TERM
Topical term or geographic name as entry element ducks--
650 ## - SUBJECT ADDED ENTRY--TOPICAL TERM
General subdivision Juvenile Literature.
Holdings
Withdrawn status Lost status Damaged status Home library Current library Shelving location Date acquired Total Checkouts Full call number Barcode Date last seen Price effective from Koha item type
      Stonyhurst Southville International School (Batangas) Stonyhurst Southville International School (Batangas)   02/03/2017   Fic .D923d 1976 LS -0504 02/03/2017 02/03/2017 Books

The Little Duck /

APA

Dunn J., .The Little Duck. New York: .

Chicago

Dunn Judy, .The Little Duck. New York: .

Harvard

Dunn J., .The Little Duck. New York: .

MLA

Dunn Judy, .New York: . .

  • Place hold
  • Print
  • Cite
  • Add to your cart (remove)
  • Save record
    BIBTEX Dublin Core MARCXML MARC (non-Unicode/MARC-8) MARC (Unicode/UTF-8) MARC (Unicode/UTF-8, Standard) MODS (XML) RIS
  • More searches
    Search for this title in:
    Other Libraries (WorldCat) Other Databases (Google Scholar) Online Stores (Bookfinder.com) Open Library (openlibrary.org)

Exporting to Dublin Core...

SOUTHVILLE LIBRARY

Southville International School and Colleges Library

1281 Tropical Ave. Cor. Luxembourg St., BF Homes International, Las Pinas City

Tel. No. 8256374 / 252358 Loc. 117/146

Powered by Koha